000 00233 a2200097 4500
001 15207
100 _aTaylor G.R
245 _aEconomics for the exasperated
260 _aLondon
_bJohn lane the bodley head
_c
090 _c11945
_d11945
942 _aNUST-CAE
_cM
_c2164
999 _c250280
_d250280